Programming .NET 3.5 (Record no. 34006)

MARC details
000 -LEADER
fixed length control field 00429nam a2200181Ia 4500
020 ## - INTERNATIONAL STANDARD BOOK NUMBER
ISBN 9780596527563
050 ## - CALL MARK
Classification number QA 76.76.M52 .L533/
100 ## - STATEMENT OF RESPONSIBILITY--MAIN AUTHOR NAME
Personal name Liberty, Jesse.
245 #0 - TITLE STATEMENT
Title Programming .NET 3.5
260 ## - PUBLICATION, DISTRIBUTION, ETC. (IMPRINT)
Place of publication Sebastopol
260 ## - PUBLICATION, DISTRIBUTION, ETC. (IMPRINT)
Name of publisher O'Reilly
260 ## - PUBLICATION, DISTRIBUTION, ETC. (IMPRINT)
Year of publication 2008
300 ## - PHYSICAL DESCRIPTION
Number of Pages 455 p
650 ## - SUBJECT ADDED ENTRY--TOPICAL TERM
Topical Term Microsoft .NET Framework.
942 ## - ADDED ENTRY ELEMENTS (KOHA)
Koha item type Books
Holdings
Withdrawn status Lost status Source of classification or shelving scheme Damaged status Not for loan Permanent Location Current Location Date acquired Accession Number Price effective from Koha item type
    Library of Congress Classification     NILE UNIVERSITY OF NIGERIA - MAIN LIBRARY NILE UNIVERSITY OF NIGERIA - MAIN LIBRARY 04/23/2025 0010436 04/23/2025 Books